La cadena de distribución y la competitividad de las exportaciones latinoamericanas: la fruta de Chile
Kaydedildi:
| Müşterek Yazar: | |
|---|---|
| Materyal Türü: | Kitap |
| Dil: | İspanyolca |
| Baskı/Yayın Bilgisi: |
Santiago
Naciones Unidas
1990
|
| Konular: | |
| Etiketler: |
Etiketle
Etiket eklenmemiş, İlk siz ekleyin!
|
MARC
| LEADER | 00000nam a2200000 a 4500 | ||
|---|---|---|---|
| 001 | UCO9106 | ||
| 003 | CL-VaPUC | ||
| 008 | 010119e19900000CL |||||||||||||||||spa|d | ||
| 082 | 0 | 4 | |a 630.209 |b CEP |2 21 |
| 110 | 2 | |a CEPAL |e author |9 454150 | |
| 245 | 1 | 3 | |a La cadena de distribución y la competitividad de las exportaciones latinoamericanas: la fruta de Chile |
| 300 | |a 194 p | ||
| 942 | |c BK | ||
| 945 | |d 20010119 00:00:00 |a rbrito | ||
| 260 | |a Santiago |b Naciones Unidas |c 1990 | ||
| 650 | 7 | |a FRUTA |2 CL-VaPUC |9 404813 | |
| 650 | 7 | |a EXPORTACIONES |2 CL-VaPUC |9 255382 | |
| 650 | 7 | |a COMERCIO INTERNACIONAL |2 CL-VaPUC |9 454151 | |
| 650 | 0 | |a Fruticultura |9 259678 | |
| 650 | 0 | |a Transporte marítimo |9 260127 | |
| 651 | 7 | |a CHILE |2 CL-VaPUC |9 454152 | |
| 583 | |a last modification |c 20010119 00:00:00 |k Rodrigo Vera | ||
| 999 | |c 293451 |d 293449 | ||